| 000 | 00708cam a2200217Mu 4500 | ||
|---|---|---|---|
| 020 | _a0333977017 | ||
| 020 | _a9780333977019 | ||
| 082 | 1 | 4 |
_a907.106820 _bCAR _cN-01, P-155 |
| 100 | 1 |
_aCarr, Edward Hallett, _93045 |
|
| 245 | 1 | 0 |
_aWhat is history? / _cby E.H. Carr ; with a new introduction by Richard J. Evans. |
| 260 |
_aBasingstoke : _bPalgrave, _c2001. |
||
| 300 |
_alxxxiv,155 p. ; _c22 cm. |
||
| 500 | _aIncludes index. | ||
| 500 | _aPrev. eds. 1961, 1986. | ||
| 500 | _aReprint of 2nd ed. with new introduction (37 p.). | ||
| 526 |
_a0 _b0 _c0 _d907_106820000000000_CAR |
||
| 650 | 0 |
_aHistory _xPhilosophy. _96591 |
|
| 650 | 0 |
_aNUST _96342 |
|
| 700 | 1 |
_aEvans, Richard J. _946068 |
|
| 942 |
_2ddc _cBK |
||
| 999 |
_c549414 _d549414 |
||